Technologien für Mikrosysteme : Stand und Entwicklung: integrierte Optik, Schichttechniken, Mikromechanik, Halbleitertechniken, Faseroptik

Bewaard in:
Bibliografische gegevens
Formaat: Boek
Taal:Undetermined
Gepubliceerd in: Düsseldorf VDI Verlag 1993
Onderwerpen:
Tags: Voeg label toe
Geen labels, Wees de eerste die dit record labelt!
Thư viện lưu trữ: Trung tâm Học liệu Trường Đại học Cần Thơ
LEADER 00686nam a2200193Ia 4500
001 CTU_97850
008 210402s9999 xx 000 0 und d
082 |a 338.4 
082 |b T255 
245 0 |a Technologien für Mikrosysteme : 
245 0 |b Stand und Entwicklung: integrierte Optik, Schichttechniken, Mikromechanik, Halbleitertechniken, Faseroptik 
245 0 |c Magdala Gronau (Hrsg.) ; Joachim Hafkesbrink ... [et al.]. 
260 |a Düsseldorf 
260 |b VDI Verlag 
260 |c 1993 
650 |a Miniature electronic equipment,Electronic industries 
650 |x Technological innovations 
904 |i M.Loan 
980 |a Trung tâm Học liệu Trường Đại học Cần Thơ